Statistics for Countries Subdivisions #1 France

Click here to take the quiz!

General Stats

  • This quiz has been taken 19 times
  • The average score is 12 of 18

Answer Stats

DirectionAnswer% Correct
NorthwestBrittany
100%
NorthNormandy
100%
IslandCorsica
83%
South AmericaFrench Guiana
83%
IslandGuadeloupe
83%
IslandMartinique
83%
IslandReunion
83%
NortheastGrand Est
72%
Centre (North)Ille-de-France
72%
SoutheastProvence
67%
WestAquitaine
61%
CentreCentre
61%
EastAuvergne
56%
NorthHauts
44%
IslandMayotte
44%
SouthOccitanie
44%
EastBourgogne
39%
WestLoire
39%

Score Distribution

Percentile by Number Answered

Percent of People with Each Score

Your Score History

You have not taken this quiz